ნორმალური ფორმატი
MARC ფორმატი
ჩანაწერი Corporate Name
ჩანაწერთა რაოდენობა, რომელიც გამოყენებულია: 1
001 - CONTROL NUMBER
- control field: 17700
003 - CONTROL NUMBER IDENTIFIER
- control field: GE_BSU
005 - DATE AND TIME OF LATEST TRANSACTION
- control field: 20230421111828.0
008 - FIXED-LENGTH DATA ELEMENTS
- fixed length control field: 230421|| aca||aabn | a|a d
040 ## - CATALOGING SOURCE
- Original cataloging agency: GE_BSU
- Transcribing agency: GE_BSU
110 ## - HEADING--CORPORATE NAME
- Corporate name or jurisdiction name as entry element: თბილისის ივანე ჯავახიშვილის სახელმწიფო ინსტიტუტი
- Subordinate unit: ივანე ჯავახიშვილის ისტორიისა და ეთნოლოგიის ინსტიტუტი
670 ## - SOURCE DATA FOUND
- Source citation: Work cat.: (GE_BSU)55599: კვაშილავა, ირმა 17699, ისტორიულ-ეთნოგრაფიული სამურზაყანო /
